000 00299nam a22001337a 4500
008 170829b xxu||||| |||| 00| 0 eng d
020 _a0471399957
041 _aeng
080 _a070
100 _a39
101 _aMED
245 _aREADINGS IN ATTITUDE CHNAGE
_cEAGLY.A.H
942 _2udc
_cBK
999 _c25287
_d25287